Normal view
MARC view
- Brown, Kody.
Entry Personal Name
001 - CONTROL NUMBER
- control field: 8267
003 - CONTROL NUMBER IDENTIFIER
- control field: NUST
005 - DATE AND TIME OF LATEST TRANSACTION
- control field: 20180111103512.0
008 - FIXED-LENGTH DATA ELEMENTS
- fixed length control field: 180111|| aca||aabn | a|a d
040 ## - CATALOGING SOURCE
- Original cataloging agency: NUST
- Transcribing agency: NUST
100 ## - HEADING--PERSONAL NAME
- Personal name: Brown, Kody.
670 ## - SOURCE DATA FOUND
- Source citation: Work cat.: (NUST)0: Becoming sister wives :, 2012.
